Geography Quiz

Random Geography or Asia Quiz

Upside Down Asia Quiz Stats

 Plays Quiz Updated Sep 10, 2014

Also try: EuropeSIDE DOWN
Challenge
Share
Tweet
Score 0/49 Timer 08:00
2 Plays Today
% Correct
Russia
86.4%
China
86%
India
85.8%
Mongolia
85.1%
Japan
84.9%
Saudi Arabia
84.5%
South Korea
84.1%
North Korea
84%
Sri Lanka
83.3%
Turkey
82.8%
Nepal
82.7%
Yemen
82.6%
Pakistan
82.5%
Vietnam
82.5%
Iran
82.1%
Oman
81.2%
Laos
80.8%
Cambodia
80.5%
Taiwan
80.2%
Iraq
80%
Thailand
79.6%
Kazakhstan
79.1%
UAE
78.4%
Bangladesh
78.1%
Indonesia
78%
% Correct
Philippines
78%
Afghanistan
77.9%
Myanmar
77.8%
Malaysia
77.3%
Syria
76.7%
Singapore
74.9%
Jordan
74.4%
Kuwait
74.2%
Qatar
73.9%
Uzbekistan
73.2%
Israel
73.1%
Turkmenistan
72.7%
Lebanon
72.6%
Maldives
72.4%
Georgia
71.9%
Bhutan
71.4%
Tajikistan
71.2%
Palestine
70.7%
Bahrain
70.4%
Kyrgyzstan
70.1%
Armenia
70%
Brunei
68.9%
Azerbaijan
68%
Timor-Leste
67.5%

You're not logged in!

Compare scores with friends on all Sporcle quizzes.
OR
Log In

You Might Also Like...

Show Comments

Extras

Top Quizzes Today


Score Distribution

Your Account Isn't Verified!

In order to create a playlist on Sporcle, you need to verify the email address you used during registration. Go to your Sporcle Settings to finish the process.

Report this User

Report this user for behavior that violates our Community Guidelines.

Details: